00301 a2200109 4500001000700000020000600007040001100013100004300024240006000067245005500127362000900182167255 a  cMagnum aFazenda, Ivani Catarina Arantes (Org.)10aA virtude da forca nas praticas interdisciplinareslpor10aA virtude da forca nas praticas interdisciplinares0 a1899